Central Library OPAC University of Rajshahi

Solutions of the examples in the Elements of statics and dynamics. / (Record no. 67874)

MARC details
000 -LEADER
fixed length control field 00866nam a2200253 a 4500
001 - CONTROL NUMBER
control field 67874
003 - CONTROL NUMBER IDENTIFIER
rucl marc code BD-RjUL
005 - DATE AND TIME OF LATEST TRANSACTION
control field 20211209081713.0
008 - FIXED-LENGTH DATA ELEMENTS--GENERAL INFORMATION
fixed length control field 850813r19531906enk 000 0 eng d
035 ## - SYSTEM CONTROL NUMBER
System control number (BD-RjUL)68083
040 ## - CATALOGING SOURCE
Original cataloging agency RBN
Transcribing agency RBN
Modifying agency EQO
-- BD-RjUL
Language of cataloging eng
041 ## - LANGUAGE CODE
Language code of text/sound track or separate title eng
082 ## - DEWEY DECIMAL CLASSIFICATION NUMBER
Edition number 23
Classification number 531.1
Author mark and year LOS 1906
100 1# - MAIN ENTRY--PERSONAL NAME
Personal name Loney, S. L.
Fuller form of name (Sidney Luxton),
Dates associated with a name 1860-1939.
9 (RLIN) 138789
245 10 - TITLE STATEMENT
Title Solutions of the examples in the Elements of statics and dynamics. /
Statement of responsibility, etc. S. L. Loney.
250 ## - EDITION STATEMENT
Edition statement 4th ed.
260 ## - PUBLICATION, DISTRIBUTION, ETC. (IMPRINT)
Place of publication, distribution, etc. Cambridge :
Name of publisher, distributor, etc. University press,
Date of publication, distribution, etc. 1906. (Reprinted) 1953
300 ## - PHYSICAL DESCRIPTION
Pagination [8], 391 p. ;
Size 17 cm.
490 1# - SERIES STATEMENT
Series statement Pitt Press mathematical series
650 ## - SUBJECT ADDED ENTRY--TOPICAL TERM
Topical term or geographic name as entry element Dynamics
9 (RLIN) 201214
700 1# - ADDED ENTRY--PERSONAL NAME
Personal name Loney, S. L.
Fuller form of name (Sidney Luxton),
Dates associated with a name 1860-1939.
830 #0 - SERIES ADDED ENTRY--UNIFORM TITLE
Uniform title Pitt Press mathematical series
942 ## - ADDED ENTRY ELEMENTS (KOHA)
Source of classification or shelving scheme Dewey Decimal Classification
Koha item type Books
Holdings
Lost status Source of classification or shelving scheme Damaged status Not for loan Collection code Permanent Location Current Location Shelving location Date acquired Source of acquisition Cost, normal purchase price Total Checkouts Full call number Date last seen Copy number Koha item type
  Dewey Decimal Classification   Not For Loan Non-fiction Central Library, University of Rajshahi Central Library, University of Rajshahi Reading Room 26/01/1956 sinkin marshall 6.60   531.1 LOS 1906 29/03/2017 C-1 Books